Les pays en G - Carte Quiz - Statistiques

Statistiques générales
  • Ce quiz a été pris 193 fois
  • Le résultat moyen est 6 sur 11
Réponses sur la Carte
Les réponses sont colorées sur une échelle allant du rouge au vert en fonction du pourcentage des utilisateurs qui les ont devinées à leur premier essai. Vous pouvez retrouver ces pourcentages ci-dessous.
 
Statistiques - réponses
Réponse % Correct
Guyana
92%
Grèce
86%
Géorgie
85%
Guinée équatoriale
59%
Gabon
58%
Guinée-Bissau
51%
Guatemala
49%
Ghana
48%
Guinée
44%
Grenade
31%
Gambie
27%
Aucun quiz correspondant
Distribution des résultats
% des personnes avec chaque résultat
Percentile par nombre de réponses
Votre historique - résultats
Vous n’avez pas pris ce quiz